[Event "World Rapid 2019"]
[Site "Moscow RUS"]
[Date "2019.12.28"]
[Round "11.85"]
[White "Pogosyan, Stefan"]
[Black "Vavulin, Maxim"]
[Result "1-0"]
[WhiteTitle "IM"]
[BlackTitle "GM"]
[WhiteElo "2459"]
[BlackElo "2556"]
[WhiteFideId "34159867"]
[BlackFideId "4169530"]
[EventDate "2019.12.26"]

1. c4 g6 2. Nc3 Bg7 3. d4 e6 4. Nf3 Ne7 5. Bf4 d6 6. Qd2 h6 7. e4 g5 8. Be3 f5
9. exf5 Nxf5 10. Bd3 Nc6 11. d5 Nce7 12. g4 Nxe3 13. Qxe3 O-O 14. h4 exd5 15.
hxg5 Re8 16. O-O-O d4 17. Qf4 dxc3 18. gxh6 cxb2+ 19. Kb1 Bc3 20. Ng5 Rf8 21.
Qe4 Nf5 22. gxf5 Bxf5 23. Qd5+ Kh8 24. Nf7+ Rxf7 25. Qxf7 Bxd3+ 26. Rxd3 Qf6 27.
Qxf6+ Bxf6 28. Rf3 Bd4 29. Rf7 c5 30. Rxb7 a5 31. Re1 Bxf2 32. Rf1 Bd4 33. Re7
Be5 1-0

[Event "World Rapid 2019"]
[Site "Moscow RUS"]
[Date "2019.12.28"]
[Round "11.86"]
[White "Kazakouski, Valery"]
[Black "Atabayev, Maksat"]
[Result "1-0"]
[WhiteTitle "IM"]
[BlackTitle "GM"]
[WhiteElo "2485"]
[BlackElo "2475"]
[WhiteFideId "13507443"]
[BlackFideId "14001101"]
[EventDate "2019.12.26"]

1. d4 Nf6 2. Nf3 g6 3. c4 Bg7 4. g3 O-O 5. Bg2 d6 6. O-O c6 7. Nc3 Qa5 8. e4 Qh5
9. e5 dxe5 10. Nxe5 Qxd1 11. Rxd1 Nbd7 12. Nf3 Nb6 13. b3 Bf5 14. Re1 Rfe8 15.
Ba3 Bf8 16. h3 Rad8 17. Rad1 h5 18. Kh2 e6 19. Bxf8 Kxf8 20. Rd2 Kg7 21. Ree2
Nc8 22. Ne5 Nd6 23. f4 Rh8 24. a4 a5 25. Kg1 Kf8 26. Kf2 Rg8 27. c5 Nde8 28. Nc4
Nd5 29. Nxd5 exd5 30. Nxa5 Rd7 31. b4 Nf6 32. b5 Rc7 33. Nb3 Kg7 34. b6 Rd7 35.
a5 Ra8 36. Re3 Kf8 37. Ra2 Ne4+ 38. Kg1 Re7 39. Bf1 g5 40. fxg5 Nxg5 41. Rxe7
Kxe7 42. a6 bxa6 43. Rxa6 Rxa6 44. Bxa6 Kd8 45. Kf2 Ne6 46. Ke3 Bxh3 47. Na5 Kd7
48. b7 Kc7 49. Nxc6 1-0

[Event "World Rapid 2019"]
[Site "Moscow RUS"]
[Date "2019.12.28"]
[Round "11.87"]
[White "Makoveev, Ilya"]
[Black "Kryakvin, Dmitry"]
[Result "1/2-1/2"]
[WhiteTitle "FM"]
[BlackTitle "GM"]
[WhiteElo "2277"]
[BlackElo "2596"]
[WhiteFideId "34155748"]
[BlackFideId "4153278"]
[EventDate "2019.12.26"]

1. e4 e6 2. d4 d5 3. Nd2 c5 4. exd5 exd5 5. Bb5+ Nc6 6. Ngf3 Qe7+ 7. Be2 Qc7 8.
O-O Nf6 9. Re1 Be6 10. Bd3 O-O-O 11. dxc5 Bxc5 12. Nb3 Bb6 13. Be3 Bg4 14. h3
Bh5 15. Qd2 Ne4 16. Bxe4 dxe4 17. Nfd4 Nxd4 18. Nxd4 Qd6 19. Qc3+ Qc5 20. Qxc5+
Bxc5 21. Nf5 Bxe3 22. Rxe3 Rd2 23. Rxe4 Rxc2 24. f4 Rd8 25. g4 Bg6 26. Ne7+ Kb8
27. f5 Rdd2 28. fxg6 Rg2+ 29. Kh1 Rh2+ 30. Kg1 Rcg2+ 1/2-1/2

[Event "World Rapid 2019"]
[Site "Moscow RUS"]
[Date "2019.12.28"]
[Round "11.88"]
[White "Krsnik Cohar, Ivan Vihor"]
[Black "Zarnicki, Pablo"]
[Result "0-1"]
[WhiteTitle "FM"]
[BlackTitle "GM"]
[WhiteElo "2313"]
[BlackElo "2514"]
[WhiteFideId "14520044"]
[BlackFideId "100137"]
[EventDate "2019.12.26"]

1. c4 Nf6 2. g3 e5 3. Bg2 c6 4. d4 exd4 5. Qxd4 Na6 6. Nf3 d5 7. cxd5 Nb4 8. Na3
Nbxd5 9. O-O Bxa3 10. bxa3 O-O 11. a4 Re8 12. Re1 Re4 13. Qd3 Qa5 14. Nd2 Rxa4
15. Bb2 Be6 16. Nb3 Nb4 17. Qd6 Qd8 18. Qxd8+ Rxd8 19. Nc5 Rxa2 20. Rxa2 Bxa2
21. Nxb7 Rb8 22. Na5 Bd5 23. e4 Be6 24. Rd1 h6 25. Bc3 c5 26. Rb1 Rb6 27. Bd2
Nd7 28. f4 Ra6 29. Nb7 Rb6 30. Nxc5 Nxc5 31. Rxb4 Rd6 32. Rb2 Nb3 33. Bb4 Rd1+
34. Kf2 a5 35. Rxb3 Bxb3 36. Bxa5 Ra1 37. Bc3 Ra2+ 38. Kg1 f6 39. e5 f5 40. Bb7
Rc2 41. Bd4 Kf7 42. Bf2 Ke6 43. h3 Bd5 44. Bxd5+ Kxd5 45. Kg2 Ke4 46. e6 Rc7 47.
g4 Re7 48. Kg3 Rxe6 49. Bc5 g5 50. fxg5 f4+ 51. Kh4 hxg5+ 52. Kxg5 Re5+ 0-1

[Event "World Rapid 2019"]
[Site "Moscow RUS"]
[Date "2019.12.28"]
[Round "11.89"]
[White "Studer, Noel"]
[Black "Glek, Igor"]
[Result "1-0"]
[WhiteTitle "GM"]
[BlackTitle "GM"]
[WhiteElo "2546"]
[BlackElo "2467"]
[WhiteFideId "1319620"]
[BlackFideId "4100484"]
[EventDate "2019.12.26"]

1. d4 Nf6 2. c4 g6 3. Nc3 Bg7 4. e4 d6 5. h3 Nbd7 6. Nf3 e5 7. d5 Nc5 8. Qc2 a5
9. Be3 O-O 10. Nd2 Nh5 11. g3 f5 12. Be2 f4 13. Bxc5 dxc5 14. g4 f3 15. Bxf3 Nf4
16. h4 Bd7 17. O-O-O a4 18. a3 c6 19. Kb1 Rf7 20. Rdg1 Qa5 21. g5 b5 22. dxc6 b4
23. cxd7 bxc3 24. Qxc3 Qxc3 25. bxc3 Rxd7 26. Kc2 Rad8 27. Rd1 Nd3 28. Nf1 Nxf2
29. Rxd7 Rxd7 30. Rh2 Nd3 31. Bg4 Ne1+ 32. Kc1 Nd3+ 33. Kd2 Rd6 34. Ke3 Nf4 35.
Rd2 Rxd2 36. Nxd2 Bf8 37. Bd7 Be7 38. Nf3 Bd6 39. Bxa4 Kf7 40. Bc6 Ke6 41. Bd5+
Ke7 42. Kd2 Bc7 43. Kc2 Kd6 44. Bg8 Ke7 45. Kb3 Ne2 46. Bxh7 Kf7 47. h5 gxh5 48.
Bf5 Kg7 49. Bd7 Ba5 50. Nxe5 Bxc3 51. Nf3 Ba5 52. Be8 h4 53. Nxh4 Nd4+ 54. Ka4
Kf8 55. Kxa5 1-0

[Event "World Rapid 2019"]
[Site "Moscow RUS"]
[Date "2019.12.28"]
[Round "11.90"]
[White "Deviatkin, Andrei"]
[Black "Santos Ruiz, Miguel"]
[Result "1/2-1/2"]
[WhiteTitle "GM"]
[BlackTitle "GM"]
[WhiteElo "2436"]
[BlackElo "2585"]
[WhiteFideId "4121260"]
[BlackFideId "22291482"]
[EventDate "2019.12.26"]

1. d4 Nf6 2. Nf3 g6 3. Bg5 Bg7 4. e3 d6 5. h3 O-O 6. Be2 c5 7. c3 b6 8. O-O Bb7
9. Nbd2 Nbd7 10. Re1 Qc7 11. Bf1 e5 12. e4 exd4 13. cxd4 Rfe8 14. Qc2 d5 15. e5
Ne4 16. Bf4 Qc8 17. Bd3 cxd4 18. Nxe4 dxe4 19. Qxc8 Raxc8 20. Bxe4 Bxe4 21. Rxe4
Nc5 22. Rxd4 Ne6 23. Re4 Nxf4 24. Rxf4 Bxe5 25. Nxe5 Rxe5 26. Rd1 Re7 1/2-1/2

[Event "World Rapid 2019"]
[Site "Moscow RUS"]
[Date "2019.12.28"]
[Round "11.91"]
[White "Baron, Tal"]
[Black "Thing, Bibek"]
[Result "1-0"]
[WhiteTitle "GM"]
[BlackTitle "CM"]
[WhiteElo "2541"]
[BlackElo "2222"]
[WhiteFideId "2809958"]
[BlackFideId "12303135"]
[EventDate "2019.12.26"]

1. Nf3 Nf6 2. d4 e6 3. Bf4 Bd6 4. Bxd6 cxd6 5. c4 b6 6. Nc3 Bb7 7. d5 O-O 8. e4
Re8 9. Be2 Na6 10. O-O Rc8 11. Nd4 Nc5 12. f3 Qe7 13. b4 Na6 14. Qb3 g6 15. Ndb5
exd5 16. cxd5 Nh5 17. Nxa7 Ra8 18. Nab5 Rec8 19. Rfe1 Nc7 20. Nxc7 Rxc7 21. Nb5
Rcc8 22. Nd4 Qg5 23. Bf1 Nf4 24. Kh1 Ba6 25. b5 Bb7 26. Qe3 Qe5 27. a4 Rc5 28.
g3 Nh5 29. Ra3 Rac8 30. Ne2 f5 31. Bg2 Rc2 32. f4 Qb2 33. exf5 Rxe2 34. Rxe2
Qc1+ 35. Re1 Qxe3 36. Raxe3 1-0

[Event "World Rapid 2019"]
[Site "Moscow RUS"]
[Date "2019.12.28"]
[Round "11.92"]
[White "Tengis, Tsog-Ochir"]
[Black "Sek, Konstantin"]
[Result "0-1"]
[WhiteTitle "FM"]
[WhiteElo "2190"]
[BlackElo "2446"]
[WhiteFideId "4902718"]
[BlackFideId "24104302"]
[EventDate "2019.12.26"]

1. Nf3 Nf6 2. c4 c5 3. b3 Nc6 4. Bb2 d5 5. e3 e6 6. cxd5 exd5 7. d4 cxd4 8. Nxd4
Bb4+ 9. Bc3 Bd6 10. Nd2 O-O 11. Be2 a6 12. h3 Bc7 13. Qc2 Qd6 14. Rc1 Bd7 15.
Bd3 Rfe8 16. N2f3 Ne4 17. Nxc6 bxc6 18. Bxe4 dxe4 19. Nd2 Qg6 20. Ke2 h5 21.
Rcg1 c5 22. a4 Rad8 23. g4 hxg4 24. hxg4 Bxg4+ 25. Ke1 f5 26. Rh4 Rd3 27. Nxe4
Red8 28. Bd2 Qc6 29. Qc4+ Qd5 30. Qxd5+ R3xd5 31. Rhxg4 fxg4 32. Rxg4 Rxd2 33.
Nxd2 Ba5 34. Rc4 Bxd2+ 35. Ke2 Bb4 36. Rc2 Kf7 37. f4 Kf6 0-1

[Event "World Rapid 2019"]
[Site "Moscow RUS"]
[Date "2019.12.28"]
[Round "11.93"]
[White "Castellanos Rodriguez, Renier"]
[Black "Tissir, Mohamed"]
[Result "1/2-1/2"]
[WhiteTitle "IM"]
[BlackTitle "IM"]
[WhiteElo "2474"]
[BlackElo "2379"]
[WhiteFideId "3404650"]
[BlackFideId "9000240"]
[EventDate "2019.12.26"]

1. c4 d6 2. g3 g6 3. Bg2 Bg7 4. Nc3 Nf6 5. d3 O-O 6. Bg5 c6 7. Qd2 Re8 8. e4 Na6
9. Nge2 Nc7 10. O-O Ne6 11. Bh6 Bh8 12. h3 c5 13. f4 Nd7 14. f5 Nd4 15. Nxd4
Bxd4+ 16. Kh1 a6 17. Be3 Bg7 18. Rf2 Rb8 19. Raf1 Ne5 20. Nd5 b5 21. b3 f6 22.
g4 g5 23. cxb5 axb5 24. d4 cxd4 25. Bxd4 Nf7 26. Qe3 h5 27. gxh5 Bh6 28. Qc3 Bb7
29. Qb4 Bxd5 30. exd5 Qd7 31. Rc2 Kh7 32. Rc6 Rg8 33. Qe1 Nd8 34. Qe4 Ra8 35.
Rf2 Nxc6 36. dxc6 Qc7 37. Qd5 g4 38. h4 g3 39. Re2 Rg7 40. Qxb5 d5 41. Qb7 Qf4
42. Qb4 Qxh4+ 43. Kg1 Qxh5 44. Qe1 Qh4 45. Qc3 Rc8 46. Bxd5 g2 47. Rxg2 Bf4 48.
Rxg7+ Kxg7 49. Bg2 Bh2+ 50. Kf1 Qf4+ 51. Bf2 Rd8 52. Bf3 Qxf5 53. Qe3 Bd6 54.
Be4 Qh5 55. Bf3 Qb5+ 56. Kg2 Rg8 57. Be2 Qxc6+ 58. Bf3 Kf8+ 59. Kf1 Qb5+ 60. Be2
Qc6 61. Qh6+ Ke8 62. Qh5+ Kd8 63. Bb5 Qc1+ 64. Ke2 Qc2+ 65. Kf1 Qb1+ 66. Be1 Qe4
67. Ba5+ Kc8 68. Ba6+ Kb8 69. Be2 Qb1+ 70. Be1 Rg1+ 71. Kxg1 Qxe1+ 72. Kg2 Qg3+
73. Kf1 Qf4+ 74. Bf3 Qc1+ 75. Bd1 Qf4+ 1/2-1/2

[Event "World Rapid 2019"]
[Site "Moscow RUS"]
[Date "2019.12.28"]
[Round "11.94"]
[White "Gurvich, Vitaly"]
[Black "Novikov, Stanislav"]
[Result "0-1"]
[WhiteTitle "FM"]
[BlackTitle "GM"]
[WhiteElo "2230"]
[BlackElo "2531"]
[WhiteFideId "24164852"]
[BlackFideId "4125371"]
[EventDate "2019.12.26"]

1. d4 Nf6 2. c4 g6 3. Nc3 Bg7 4. e4 d6 5. Be2 O-O 6. Bg5 h6 7. Be3 c5 8. d5 a6
9. a4 e6 10. Nf3 exd5 11. cxd5 Bg4 12. O-O Bxf3 13. Bxf3 Nbd7 14. Be2 Rb8 15.
Qc2 Re8 16. Rfe1 Qe7 17. f3 Nh5 18. g4 Nhf6 19. Bf1 Ne5 20. Qg2 g5 21. h4 Nfd7
22. h5 c4 23. Red1 b5 24. axb5 axb5 25. Ne2 Nxf3+ 26. Qxf3 Qxe4 27. Qxe4 Rxe4
28. Bd4 Rxg4+ 29. Kf2 Ne5 30. Ra3 Re8 31. Re3 Rh4 32. Kg2 f5 33. Rh3 Rg4+ 34.
Rg3 f4 35. Rxg4 Nxg4 36. Bb6 Ne3+ 37. Bxe3 Rxe3 38. Nd4 Bxd4 39. Rxd4 Kg7 40.
Rd1 Kf6 41. Ra1 Rb3 42. Ra8 g4 43. Rg8 Rxb2+ 44. Kg1 g3 45. Rg6+ Ke5 46. Re6+
Kxd5 47. Rxh6 f3 48. Rg6 g2 49. Bxg2 fxg2 50. h6 c3 51. Rg3 c2 52. Rc3 Rb1+ 53.
Kxg2 c1=Q 54. Rxc1 Rxc1 0-1

[Event "World Rapid 2019"]
[Site "Moscow RUS"]
[Date "2019.12.28"]
[Round "11.95"]
[White "Afanasiev, Nikita"]
[Black "Mikhailovsky, Vladimir"]
[Result "1-0"]
[WhiteTitle "IM"]
[BlackTitle "CM"]
[WhiteElo "2517"]
[BlackElo "2209"]
[WhiteFideId "24183555"]
[BlackFideId "34105414"]
[EventDate "2019.12.26"]

1. d4 Nf6 2. Nf3 g6 3. Bg5 Bg7 4. c3 O-O 5. Nbd2 d6 6. e4 c6 7. Bd3 Qc7 8. O-O
e5 9. Re1 h6 10. Bh4 Nh5 11. Bf1 Nf4 12. a4 Be6 13. h3 Nd7 14. Bg3 Rad8 15. Rc1
Nf6 16. Bxf4 exf4 17. b4 Rfe8 18. Qc2 g5 19. Bc4 d5 20. Bd3 dxe4 21. Nxe4 Nxe4
22. Bxe4 Re7 23. Bf5 Bd5 24. Rxe7 Qxe7 25. Re1 Qc7 26. Nd2 a5 27. c4 Be6 28.
Bxe6 fxe6 29. bxa5 Rxd4 30. Rxe6 Qf7 31. Re4 Qg6 32. f3 h5 33. Nb3 Rd8 34. Qe2
g4 35. hxg4 hxg4 36. fxg4 Rf8 37. Nd2 Qd6 38. Nf3 Qc5+ 39. Qf2 Qxa5 40. Qh4 Bf6
41. g5 Bd8 42. Kh2 Qf5 43. Re5 Qh7 44. Qxh7+ Kxh7 45. Kh3 Kg6 46. Kg4 Kg7 47.
Nd4 Kg6 48. Re6+ Kf7 49. g6+ Kg8 50. Nf5 Bf6 51. Kxf4 Bc3 52. g4 Rb8 53. Re7 b5
54. Nh6+ Kf8 55. Rf7+ Ke8 56. g7 Bxg7 57. Rxg7 Rb6 58. axb5 cxb5 59. Nf5 bxc4
60. Rc7 Rb4 61. Nd6+ Kd8 62. Rxc4 Rb6 63. Nf5 Ke8 64. Kg5 Kf7 65. Rc7+ Ke6 66.
Rh7 Rb8 67. Re7+ Kd5 68. Kf6 Rf8+ 69. Rf7 Re8 70. Rd7+ Kc6 71. Rd4 Kc5 72. Rd1
Rf8+ 73. Kg7 Ra8 74. g5 Ra7+ 75. Kh6 1-0

[Event "World Rapid 2019"]
[Site "Moscow RUS"]
[Date "2019.12.28"]
[Round "11.96"]
[White "Kim, Alexey"]
[Black "Guimaraes, Diogo Duarte"]
[Result "1-0"]
[WhiteTitle "GM"]
[BlackTitle "FM"]
[WhiteElo "2464"]
[BlackElo "2322"]
[WhiteFideId "4129776"]
[BlackFideId "2112450"]
[EventDate "2019.12.26"]

1. e4 e5 2. Nf3 Nc6 3. Bc4 Nf6 4. Ng5 d5 5. exd5 Na5 6. d3 h6 7. Nf3 e4 8. Qe2
Nxc4 9. dxc4 Bd6 10. Nd4 O-O 11. Be3 Re8 12. Nc3 a6 13. h3 c6 14. dxc6 bxc6 15.
Nxc6 Qc7 16. Nd4 Rb8 17. O-O-O Rb4 18. Nb3 Be5 19. Nd5 Nxd5 20. cxd5 a5 21. Qd2
Rd8 22. Kb1 Rb5 23. Qe2 Ba6 24. d6 Qb7 25. c4 Rb4 26. Qh5 f6 27. d7 Qa8 28. Bd4
Bxd4 29. Rxd4 Bxc4 30. Rhd1 Bd3+ 31. Ka1 Rxd4 32. Nxd4 Rxd7 33. Nf5 Kh7 34. Nxh6
g6 35. Qh4 Kg7 36. Ng4 Qc6 37. Qh6+ Kf7 38. Rc1 Qd5 39. Qh7+ Ke6 40. Qg8+ Kd6
41. Qf8+ Ke6 42. Qxf6# 1-0

[Event "World Rapid 2019"]
[Site "Moscow RUS"]
[Date "2019.12.28"]
[Round "11.97"]
[White "Blohberger, Felix"]
[Black "Batchuluun, Tsegmed"]
[Result "1/2-1/2"]
[WhiteTitle "IM"]
[BlackTitle "GM"]
[WhiteElo "2434"]
[BlackElo "2530"]
[WhiteFideId "1632051"]
[BlackFideId "4900847"]
[EventDate "2019.12.26"]

1. d4 d5 2. Bf4 c5 3. e3 Nc6 4. c3 Bf5 5. Nd2 e6 6. Ngf3 Nf6 7. h3 h6 8. Qb3 Qc8
9. Ne5 Be7 10. Bb5 Nd7 11. Nxd7 Qxd7 12. O-O O-O 13. dxc5 Bxc5 14. Nf3 Rac8 15.
Rfd1 a6 16. Ne5 Qe8 17. Nxc6 axb5 18. Nd4 Bxd4 19. exd4 Qd7 20. Re1 Rc4 21. a3
Rfc8 22. Re3 f6 23. Bh2 Bg6 24. Rae1 Bf7 25. Qd1 Re8 26. Qe2 Rcc8 27. Bf4 Kh7
28. Qg4 Rg8 29. Bh2 Rce8 30. Qf4 Qc6 31. Qg4 Qd7 32. Qf4 Re7 33. Qg4 Qe8 34. Bd6
Rd7 35. Bh2 Qc8 36. Qe2 Qc4 37. Qg4 Qb3 38. Qe2 Re8 39. Qd3+ Bg6 40. Qd2 Bf7 41.
Qd3+ Kh8 42. Qd2 Rdd8 43. Bf4 Kh7 44. Qd3+ Bg6 45. Qd2 Bf7 46. Qd3+ Bg6 47. Qd2
Bf7 48. Qd3+ Bg6 49. Qd2 Bf7 1/2-1/2

[Event "World Rapid 2019"]
[Site "Moscow RUS"]
[Date "2019.12.28"]
[Round "11.98"]
[White "Miranda Neto, Jayme Amorim"]
[Black "Yagupov, Igor"]
[Result "0-1"]
[WhiteTitle "CM"]
[BlackTitle "GM"]
[WhiteElo "2102"]
[BlackElo "2357"]
[WhiteFideId "2115964"]
[BlackFideId "4113632"]
[EventDate "2019.12.26"]

1. d4 d5 2. Nf3 Nf6 3. e3 c5 4. c3 Qc7 5. Nbd2 g6 6. Be2 Nbd7 7. O-O Bg7 8. Qc2
O-O 9. e4 cxd4 10. Nxd4 Nxe4 11. Nxe4 Bxd4 12. Qd3 Be5 13. Qxd5 Nb6 14. Qa5
Bxh2+ 15. Kh1 Bf4 16. g3 Qe5 17. Qxe5 Bxe5 18. Rd1 Bd7 19. Kg1 Bc6 20. Nd2 Rfd8
21. Nf3 Rxd1+ 22. Bxd1 Bg7 23. Be2 e5 24. Kf1 h6 25. Ke1 Rd8 26. Be3 Na4 27. Bc1
Nc5 28. Be3 Na4 29. Bc1 a6 30. Nd2 Nc5 31. Bf3 Nd3+ 32. Ke2 Nxc1+ 33. Rxc1 Rxd2+
34. Kxd2 Bxf3 35. b3 h5 36. Re1 e4 37. c4 Bd4 0-1

[Event "World Rapid 2019"]
[Site "Moscow RUS"]
[Date "2019.12.28"]
[Round "11.99"]
[White "Al Mutairi, Hassan S"]
[Black "Usov, Aleksandr E."]
[Result "0-1"]
[WhiteTitle "CM"]
[WhiteElo "1883"]
[BlackElo "2012"]
[WhiteFideId "21500193"]
[BlackFideId "24257109"]
[EventDate "2019.12.26"]

1. e4 c6 2. d4 d5 3. Nc3 dxe4 4. Bc4 Nf6 5. f3 e3 6. Bxe3 e6 7. Nge2 Bd6 8. Qd3
b5 9. Bb3 a5 10. a4 b4 11. Ne4 Ba6 12. Nxd6+ Qxd6 13. Bc4 Nd5 14. Bxa6 Nxa6 15.
Bf2 O-O 16. O-O Rfc8 17. Bg3 Qe7 18. Rae1 c5 19. c4 bxc3 20. Nxc3 Ndb4 21. Qe4
cxd4 22. Nb5 Nc5 23. Bd6 Nxe4 24. Bxe7 Nd2 25. Rf2 Nd3 26. Rxd2 Nxe1 27. Kf2 Nc2
28. Ke2 e5 29. Kd3 Ne3 30. f4 e4+ 31. Kxd4 Nf5+ 0-1

[Event "World Rapid 2019"]
[Site "Moscow RUS"]
[Date "2019.12.28"]
[Round "11.100"]
[White "Al Thebaiti, Ahmed M"]
[Black "Gutenev, Alexander"]
[Result "0-1"]
[WhiteTitle "CM"]
[BlackTitle "IM"]
[WhiteElo "1976"]
[BlackElo "2469"]
[WhiteFideId "21502390"]
[BlackFideId "4195540"]
[EventDate "2019.12.26"]

1. d4 Nf6 2. Bf4 b6 3. e3 Bb7 4. Nf3 g6 5. h3 Bg7 6. Be2 d6 7. O-O Nbd7 8. c4
O-O 9. Nc3 Ne4 10. Nxe4 Bxe4 11. Bh2 Bb7 12. b4 e5 13. a4 a5 14. b5 Qe7 15. Re1
f5 16. Qb3 Kh8 17. Rad1 Rae8 18. Qc3 h6 19. Nd2 exd4 20. exd4 Nc5 21. Nf3 Qf6
22. Qd2 Nb3 23. Qc3 Bxf3 24. Bxf3 Nxd4 25. Kh1 Ne6 26. Qxf6 Bxf6 27. Bc6 Re7 28.
Bg1 Nc5 29. Rxe7 Bxe7 30. f3 Nxa4 31. Re1 Bf6 32. Re6 Kg7 33. Be3 Nb2 34. Rxf6
Rxf6 35. Bd4 Nxc4 36. Bd5 Ne5 37. f4 Nd3 38. g3 g5 39. Kg2 gxf4 0-1

[Event "World Rapid 2019"]
[Site "Moscow RUS"]
[Date "2019.12.28"]
[Round "11.101"]
[White "Masrahi, Abdulrahman A"]
[Black "Lam, Daniel King Wai"]
[Result "1-0"]
[WhiteTitle "CM"]
[BlackTitle "FM"]
[WhiteElo "1956"]
[BlackElo "2110"]
[WhiteFideId "21501564"]
[BlackFideId "6001238"]
[EventDate "2019.12.26"]

1. d4 Nf6 2. Nf3 g6 3. Nbd2 d5 4. e3 Bg7 5. b4 O-O 6. Be2 b6 7. O-O Bb7 8. a4
Ne4 9. Nxe4 dxe4 10. Nd2 e5 11. c3 exd4 12. cxd4 Nd7 13. Ba3 Re8 14. Qb3 Nf6 15.
Rfc1 Nd5 16. a5 Rc8 17. a6 Ba8 18. b5 Kh8 19. Nc4 c5 20. bxc6 Rxc6 21. Ne5 Bxe5
22. dxe5 Rc7 23. Bb2 Kg8 24. Rxc7 Nxc7 25. Rd1 Qc8 26. Bc4 Ne6 27. h3 Qc7 28.
Rd6 Qc8 29. Bb5 Rd8 30. Qd1 Qc7 31. Ba4 Qc8 32. Bb3 Re8 33. Rd7 Qxa6 34. Bxe6
fxe6 35. Rc7 Bd5 36. Qg4 Qb5 37. Qh4 h5 38. Qf6 1-0

[Event "World Rapid 2019"]
[Site "Moscow RUS"]
[Date "2019.12.28"]
[Round "12.8"]
[White "Karjakin, Sergey"]
[Black "Ponkratov, Pavel"]
[Result "1/2-1/2"]
[WhiteTitle "GM"]
[BlackTitle "GM"]
[WhiteElo "2754"]
[BlackElo "2632"]
[WhiteFideId "14109603"]
[BlackFideId "4157800"]
[EventDate "2019.12.26"]

1. e4 e6 2. d4 d5 3. Nc3 Bb4 4. e5 c5 5. a3 Bxc3+ 6. bxc3 Qc7 7. Qg4 f6 8. Nf3
c4 9. Qg3 Qf7 10. a4 Nc6 11. Ba3 Bd7 12. Be2 O-O-O 13. h4 h5 14. a5 Nh6 15. Bc5
Be8 16. Kd2 Qg6 17. Qxg6 Bxg6 18. g3 Rd7 19. Rhf1 Rf7 20. exf6 gxf6 21. Ng1 e5
22. dxe5 fxe5 23. Nh3 Re8 24. Ng5 Rd7 25. Rfe1 Kc7 26. Bf3 Nf5 27. Bg2 b6 28.
axb6+ axb6 29. Ba3 e4 30. Bh3 Ne5 1/2-1/2

[Event "World Rapid 2019"]
[Site "Moscow RUS"]
[Date "2019.12.28"]
[Round "12.9"]
[White "Smirin, Ilia"]
[Black "Andreikin, Dmitry"]
[Result "1/2-1/2"]
[WhiteTitle "GM"]
[BlackTitle "GM"]
[WhiteElo "2607"]
[BlackElo "2724"]
[WhiteFideId "2801990"]
[BlackFideId "4158814"]
[EventDate "2019.12.26"]

1. e4 e6 2. d4 d5 3. Nd2 c5 4. Ngf3 cxd4 5. Nxd4 Nf6 6. e5 Nfd7 7. Bb5 Qc7 8.
N2f3 Nc6 9. Bf4 a6 10. Ba4 b5 11. Bb3 Ndxe5 12. Nxc6 Nxf3+ 13. Qxf3 Qxc6 14.
O-O-O Bd6 15. Be3 Bb7 16. Qg4 O-O 17. Bh6 Be5 18. Rhe1 Qc7 19. f4 f5 20. Qg3 Bf6
21. Rxe6 Rae8 22. Rxe8 Rxe8 23. Bg5 Bxg5 24. Qxg5 g6 25. h4 1/2-1/2

[Event "World Rapid 2019"]
[Site "Moscow RUS"]
[Date "2019.12.28"]
[Round "12.10"]
[White "Artemiev, Vladislav"]
[Black "Guseinov, Gadir"]
[Result "1-0"]
[WhiteTitle "GM"]
[BlackTitle "GM"]
[WhiteElo "2731"]
[BlackElo "2666"]
[WhiteFideId "24101605"]
[BlackFideId "13401378"]
[EventDate "2019.12.26"]

1. d4 Nf6 2. Nf3 g6 3. g3 Bg7 4. Bg2 O-O 5. O-O d6 6. Re1 c5 7. dxc5 dxc5 8.
Qxd8 Rxd8 9. c3 Be6 10. Na3 Nc6 11. Ng5 Bd7 12. Be3 b6 13. Red1 Rac8 14. Nc4 h6
15. Bxc6 Bxc6 16. Rxd8+ Rxd8 17. Nxf7 Kxf7 18. Ne5+ Ke6 19. Nxc6 Rd7 20. Nb8 Rd5
21. Na6 Kd7 22. Bf4 Kc6 23. Nc7 Rd7 24. Ne6 g5 25. Be3 Bh8 26. Nf8 Rb7 27. Ng6
Bg7 28. Ne5+ Kd5 29. Nf3 Ke6 30. a4 a6 31. Kf1 Ne4 32. Nd2 Nd6 33. a5 bxa5 34.
Rxa5 Rxb2 35. Rxa6 Kf7 36. c4 Rc2 37. Ra4 g4 38. Nb3 Nxc4 39. Bxc5 Rc3 40. Bd4
Rxb3 41. Rxc4 Bxd4 42. Rxd4 h5 43. Rd5 h4 44. gxh4 Rh3 45. Rd4 Rxh4 46. Kg1 Kf6
47. f3 Kf5 48. fxg4+ Rxg4+ 49. Rxg4 Kxg4 50. Kg2 Kf4 51. h3 e5 52. Kf2 e4 53.
e3+ Kf5 54. Kg3 Kg5 55. h4+ Kf5 56. Kh3 1-0

[Event "World Rapid 2019"]
[Site "Moscow RUS"]
[Date "2019.12.28"]
[Round "12.11"]
[White "Mamedov, Rauf"]
[Black "Fedoseev, Vladimir3"]
[Result "1/2-1/2"]
[WhiteTitle "GM"]
[BlackTitle "GM"]
[WhiteElo "2659"]
[BlackElo "2677"]
[WhiteFideId "13401653"]
[BlackFideId "24130737"]
[EventDate "2019.12.26"]

1. e4 c5 2. c3 d6 3. d4 Nf6 4. Bd3 g6 5. h3 Bg7 6. Nf3 Nc6 7. O-O O-O 8. Re1 e5
9. dxc5 dxc5 10. a4 Be6 11. Na3 h6 12. Be3 Qe7 13. Qc2 Na5 14. Qe2 Bd7 15. b4
cxb4 16. cxb4 Qxb4 17. Bd2 Qb6 18. Rab1 Qd8 19. Nxe5 Bxa4 20. Bb4 Nh5 21. Bb5
Nf4 22. Qf3 Bxb5 23. Qxf4 Ba6 24. Red1 Qb8 25. Bd6 Qc8 26. Ng4 g5 27. Nf6+ Kh8
28. Qf3 Rd8 29. e5 Qe6 30. Nh5 Nc6 31. Nxg7 Kxg7 32. Qg3 Ne7 33. Nc2 Nf5 34. Qa3
Nxd6 35. exd6 Rac8 36. Nd4 Qf6 37. g4 Kh7 38. Nf5 Rd7 39. Re1 Rcd8 40. Rbc1 Bb5
41. Qxa7 Bd3 42. Ng3 Qxd6 43. Rcd1 Qa6 44. Qc5 Qb5 45. Qa3 Bg6 46. Rxd7 Rxd7 47.
Qf8 Qb2 48. Re8 Qg7 49. Qc5 Qa1+ 50. Kg2 Rd1 51. Qf8 Qg7 52. Qc5 Rd2 53. Nf5
Bxf5 54. Qxf5+ Qg6 55. Qe5 Qc6+ 56. Kg3 Rd3+ 57. Kh2 Qd6 58. Rh8+ Kg6 59. Rg8+
Kh7 60. Rh8+ Kg6 61. Rg8+ Kh7 62. Rg7+ Kh8 63. Rxg5+ Qxe5+ 64. Rxe5 Rb3 65. Re8+
Kg7 66. Rb8 h5 67. gxh5 Kh6 68. Rh8+ Kg7 69. Rd8 Rf3 70. Kg2 Rf5 71. Rb8 b5 72.
Kg3 Rxh5 73. Kg4 Rc5 74. f4 Kg6 75. Rb6+ Kg7 76. h4 Rd5 77. h5 Rc5 78. h6+ Kh7
79. f5 Rc1 80. Kg5 Rh1 81. Rb7 Rxh6 82. Rxf7+ Kg8 83. Rb7 Rc6 84. Rxb5 Kf7 85.
Rb7+ Kf8 1/2-1/2